| 000 | 00472nam a2200181 a 4500 | ||
|---|---|---|---|
| 001 | 26946 | ||
| 005 | 20180713225552.0 | ||
| 008 | 140415s1982 mx 000 0 spa d | ||
| 020 | _a9686046135 | ||
| 041 | _aspa | ||
| 082 | _a658 | ||
| 100 | 1 | _aLUTHANS, FRED | |
| 245 | 1 | 0 | _aINTRODUCCIÓN A LA ADMINISTRACIÓN CON ENFOQUE DE CONTINGENCIAS |
| 250 | _a1a ed. | ||
| 260 |
_aMEXICO : _bMC GRAW HILL, _c1982 |
||
| 520 | _aCG | ||
| 650 | 1 | 4 | _aADMINISTRACION |
| 999 |
_c26946 _d26946 |
||